| 000 | 00688cam a2200265ua 4500 | ||
|---|---|---|---|
| 020 | _c185.00 | ||
| 041 |
_aeng _h |
||
| 082 |
_a621.7 _bKHU/TE |
||
| 100 | _aKhurmi, R.S . | ||
| 245 |
_aText book of workshop technology (Manufacturing Processes) / _cR.S.Khurmi. _hTextual Documents |
||
| 250 |
_a6 / _b. |
||
| 260 |
_aNew Delhi : _bNirja Construction & Development Co (p) Ltd , _c2004. |
||
| 300 | _a552 ; . | ||
| 365 | _a185.00 | ||
| 500 | _a20888-Scheme | ||
| 504 | _a | ||
| 700 | 1 | _aGupta, R.L. | |
| 942 | _cBK | ||
| 999 |
_c12183 _d12183 |
||